Welcome to CU Library Online Public Access Catalogue (OPAC)

International business : (Record no. 4311)

MARC details
000 -LEADER
fixed length control field 00951pam a2200277 a 4500
001 - CONTROL NUMBER
control field 3033184
005 - DATE AND TIME OF LATEST TRANSACTION
control field 20250225123238.0
008 - FIXED-LENGTH DATA ELEMENTS--GENERAL INFORMATION
fixed length control field 950425s1996 iluab b 001 0 eng
020 ## - INTERNATIONAL STANDARD BOOK NUMBER
International Standard Book Number 0256166013
020 ## - INTERNATIONAL STANDARD BOOK NUMBER
International Standard Book Number 0256166064 (annotated instructor's ed.)
020 ## - INTERNATIONAL STANDARD BOOK NUMBER
International Standard Book Number 9780256166019
050 00 - LIBRARY OF CONGRESS CALL NUMBER
Classification number HD62.4
Item number .B34 1996
082 00 - DEWEY DECIMAL CLASSIFICATION NUMBER
Classification number 658/.049
Edition information 20
100 1# - MAIN ENTRY--PERSONAL NAME
Personal name Ball, Donald A.
245 10 - TITLE STATEMENT
Title International business :
Remainder of title the challenge of global competition /
Statement of responsibility, etc. Donald A. Ball, Wendell H. McCulloch, Jr.
250 ## - EDITION STATEMENT
Edition statement 6th ed.
260 ## - PUBLICATION, DISTRIBUTION, ETC.
Place of publication, distribution, etc. Chicago :
Name of publisher, distributor, etc. Irwin,
Date of publication, distribution, etc. c1996.
300 ## - PHYSICAL DESCRIPTION
Extent xxv, 773 p. :
Other physical details ill. (some col.), col. maps ;
Dimensions 29 cm.
500 ## - GENERAL NOTE
General note Colored map on endpapers.
500 ## - GENERAL NOTE
General note One folded color map inserted.
650 #0 - SUBJECT ADDED ENTRY--TOPICAL TERM
Topical term or geographic name entry element International business enterprises
General subdivision Management.
650 #0 - SUBJECT ADDED ENTRY--TOPICAL TERM
Topical term or geographic name entry element International business enterprises.
650 #0 - SUBJECT ADDED ENTRY--TOPICAL TERM
Topical term or geographic name entry element International economic relations.
700 1# - ADDED ENTRY--PERSONAL NAME
Personal name McCullogh, Wendell H.
942 ## - ADDED ENTRY ELEMENTS (KOHA)
Source of classification or shelving scheme Library of Congress Classification
Koha item type Books
Edition 6th Ed.
Suppress in OPAC No
999 ## -
-- 4311
-- 4311
Holdings
Withdrawn status Lost status Source of classification or shelving scheme Damaged status Not for loan Collection Home library Current library Shelving location Date acquired Total checkouts Full call number Barcode Date last seen Copy number Price effective from Koha item type
    Library of Congress Classification     Non-fiction Business Library (Miotso) Business Library (Miotso) General stacks 02/25/2025   HD62.4 .B34 1996 BSSM00000979 02/25/2025 1 02/25/2025 Books
© 2023-2024 Copyright: Central University Libraries. All Rights Reserved | Created by: Mahone Tech Office